[Event "ch-CHN w 2013"]
[Site "Xinghua CHN"]
[Date "2013.04.16"]
[Round "1.1"]
[White "Zhang, Xiaowen"]
[Black "Kuang, Yinghui"]
[Result "1-0"]
[WhiteTitle "WGM"]
[BlackTitle "WIM"]
[WhiteElo "2367"]
[BlackElo "2212"]
[WhiteFideId "8603219"]
[BlackFideId "8600988"]
[EventDate "2013.04.16"]

1. e4 c5 2. Nf3 Nc6 3. Bb5 d6 4. O-O Bd7 5. c3 a6 6. Ba4 b5 7. Bc2 e5 8. h3 Nf6
9. Re1 Be7 10. d3 O-O 11. Nbd2 h6 12. Nf1 Qc7 13. Ng3 Be6 14. Nh4 Nh7 15. Nhf5
Bg5 16. h4 Bxc1 17. Rxc1 Bxf5 18. Nxf5 Ne7 19. Ne3 Qd7 20. d4 Rad8 21. a4 Qb7
22. axb5 axb5 23. dxe5 dxe5 24. Qh5 Ng6 25. Nd5 Rd6 26. Rcd1 Nf6 27. Qf5 Re8 28.
h5 Nf8 29. Rd2 N8h7 30. Red1 Nxd5 31. Rxd5 Rxd5 32. Rxd5 Qe7 33. Bd3 Nf6 34.
Bxb5 Nxd5 35. Bxe8 Nf4 36. Bb5 Qd6 37. Qc8+ Kh7 38. Qd7 Qxd7 39. Bxd7 Nxh5 40.
b4 cxb4 41. cxb4 Kg8 42. b5 1-0

[Event "ch-CHN w 2013"]
[Site "Xinghua CHN"]
[Date "2013.04.16"]
[Round "1.2"]
[White "Ding, Yixin"]
[Black "Ren, Xiaoyi"]
[Result "1-0"]
[WhiteTitle "WGM"]
[WhiteElo "2427"]
[BlackElo "2212"]
[WhiteFideId "8602972"]
[BlackFideId "8608709"]
[EventDate "2013.04.16"]

1. e4 e5 2. Nf3 Nc6 3. Bb5 a6 4. Ba4 Nf6 5. O-O Be7 6. Bxc6 dxc6 7. d3 Bg4 8. h3
Bxf3 9. Qxf3 Nd7 10. Nd2 Bg5 11. Nc4 Bxc1 12. Raxc1 Qe7 13. Qg3 O-O-O 14. Qxg7
Rdg8 15. Qh6 Rg5 16. h4 Rg4 17. g3 Rhg8 18. Ne3 R4g6 19. Nf5 Qe6 20. Qe3 Kb8 21.
b4 Nb6 22. Rb1 Nc8 23. a4 Nd6 24. Nxd6 cxd6 25. Kh2 Rg4 26. b5 axb5 27. axb5
cxb5 28. Rxb5 Rc8 29. Ra1 Qf6 30. Rxb7+ 1-0

[Event "ch-CHN w 2013"]
[Site "Xinghua CHN"]
[Date "2013.04.16"]
[Round "1.3"]
[White "Li, Xueyi"]
[Black "Wang, Jue"]
[Result "0-1"]
[BlackTitle "WGM"]
[WhiteElo "2135"]
[BlackElo "2401"]
[WhiteFideId "8605912"]
[BlackFideId "8604070"]
[EventDate "2013.04.16"]

1. d4 Nf6 2. c4 g6 3. Nc3 Bg7 4. e4 d6 5. Be2 O-O 6. Nf3 e5 7. O-O exd4 8. Nxd4
Re8 9. f3 c6 10. Nc2 Na6 11. Bf4 Qb6+ 12. Kh1 Nh5 13. Bxd6 Qxb2 14. Na4 Qf6 15.
f4 Rxe4 16. Bxh5 gxh5 17. Be5 Bg4 18. Qd2 Re2 19. Qc3 Qg6 20. Nd4 Bxe5 21. fxe5
Rxe5 22. Nxc6 Re2 23. Nd4 Rxg2 24. Kxg2 Bh3+ 25. Kf2 Qg2+ 26. Ke3 Re8+ 27. Kd3
Qe4+ 28. Kd2 Bxf1 29. Qg3+ Kh8 30. Rxf1 Qxd4+ 31. Qd3 Qxd3+ 32. Kxd3 Kg7 33. Nc3
Nb4+ 34. Kd2 Rd8+ 35. Ke2 Rd4 36. Nb5 Re4+ 37. Kd2 Rxc4 38. a3 Rc2+ 39. Ke3 Nd5+
40. Kd4 Rd2+ 41. Kc5 Ne3 42. Rf3 Rd5+ 43. Kb4 Nf5 44. Nxa7 Nd6 45. a4 f5 46. Nb5
Kf6 47. Nxd6 Rxd6 48. Kc5 Ra6 49. Rb3 Rxa4 50. Rxb7 f4 51. Rb8 Kf5 52. Kd5 Kg4
53. Rf8 Kf3 0-1

[Event "ch-CHN w 2013"]
[Site "Xinghua CHN"]
[Date "2013.04.16"]
[Round "1.4"]
[White "Tan, Zhongyi"]
[Black "Lei, Tingjie"]
[Result "1/2-1/2"]
[WhiteTitle "WGM"]
[WhiteElo "2483"]
[BlackElo "2232"]
[WhiteFideId "8603642"]
[BlackFideId "8605114"]
[EventDate "2013.04.16"]

1. d4 d5 2. c4 c6 3. cxd5 cxd5 4. Bf4 Nf6 5. Nc3 Nc6 6. e3 Bf5 7. Rc1 e6 8. Qb3
Bb4 9. Bb5 O-O 10. Ne2 Qe7 11. a3 Bxc3+ 12. Nxc3 Rfc8 13. O-O Na5 14. Qd1 a6 15.
Be2 b5 16. g4 Bg6 17. h4 h6 18. h5 Bh7 19. g5 hxg5 20. Bxg5 b4 21. Na4 bxa3 22.
bxa3 Qe8 23. Bxf6 Rxc1 24. Qxc1 Qxa4 25. Be5 Nc4 26. Bxc4 Qxc4 27. Qd1 Bf5 28.
Qd2 Qc2 29. Qxc2 Bxc2 30. Rc1 1/2-1/2

[Event "ch-CHN w 2013"]
[Site "Xinghua CHN"]
[Date "2013.04.16"]
[Round "1.6"]
[White "Guo, Qi"]
[Black "Zhai, Mo"]
[Result "1/2-1/2"]
[WhiteTitle "WGM"]
[BlackTitle "WIM"]
[WhiteElo "2439"]
[BlackElo "2259"]
[WhiteFideId "8604002"]
[BlackFideId "8600201"]
[EventDate "2013.04.16"]

1. d4 Nf6 2. c4 e6 3. Nf3 d5 4. Nc3 Bb4 5. Bg5 h6 6. Bxf6 Qxf6 7. e3 O-O 8. Rc1
Rd8 9. cxd5 exd5 10. a3 Bxc3+ 11. Rxc3 c6 12. h3 Bf5 13. Bd3 Nd7 14. O-O Be4 15.
Bxe4 dxe4 16. Nd2 Qe7 17. Qb1 Re8 18. b4 Rad8 19. Qb3 Nb6 20. Rc5 Nd7 21. Rf5
Qe6 22. Qxe6 Rxe6 23. Nb3 Re7 24. Nc5 g6 25. Rf4 Nxc5 26. bxc5 Kg7 27. f3 exf3
28. R4xf3 b6 29. cxb6 axb6 30. Rc1 Re6 31. Rc3 Rd5 32. Rf2 c5 33. dxc5 Rxc5 34.
Rfc2 Rxe3 35. Rxc5 bxc5 36. Ra2 Kf6 37. a4 Re6 38. a5 Ra6 39. Kf2 Ke5 40. Ke3 c4
41. g3 f5 42. h4 Kd5 43. Kd2 Kd4 44. Ra1 g5 45. hxg5 hxg5 46. Kc2 f4 47. gxf4
gxf4 48. Rf1 Ke3 49. Re1+ Kf2 50. Ra1 Kg3 51. Kc3 f3 52. Kxc4 f2 53. Kb5 Re6 54.
Rf1 Kg2 55. Rxf2+ Kxf2 56. a6 Ke3 57. a7 Re8 58. Kb6 Kd4 59. Kb7 Kc5 60. a8=Q
Rxa8 1/2-1/2

[Event "ch-CHN w 2013"]
[Site "Xinghua CHN"]
[Date "2013.04.17"]
[Round "2.3"]
[White "Lei, Tingjie"]
[Black "Ni, Shiqun"]
[Result "0-1"]
[BlackTitle "WIM"]
[WhiteElo "2232"]
[BlackElo "2213"]
[WhiteFideId "8605114"]
[BlackFideId "8608466"]
[EventDate "2013.04.16"]

1. d4 Nf6 2. Bg5 e6 3. e3 c5 4. Nd2 d5 5. c3 Be7 6. Ngf3 Nbd7 7. Bd3 O-O 8. O-O
b6 9. Ne5 Bb7 10. Qb1 h6 11. Bxf6 Nxf6 12. a4 a5 13. f4 Ba6 14. Bxa6 Rxa6 15.
Qd3 Ra8 16. Rf3 Qe8 17. b3 Rb8 18. Rff1 Bd6 19. Kh1 b5 20. axb5 Qxb5 21. Qxb5
Rxb5 22. Nc6 Ra8 23. Rfb1 Ng4 24. Re1 f6 25. c4 Rb6 26. cxd5 exd5 27. dxc5 Bxc5
28. Rec1 Rxc6 29. b4 Bxb4 30. Rxc6 Bxd2 31. Rb1 Bxe3 32. Rb7 f5 33. Rcc7 Bd4 34.
h3 Nf2+ 35. Kh2 a4 36. Rb5 a3 37. Rxd5 a2 0-1

[Event "ch-CHN w 2013"]
[Site "Xinghua CHN"]
[Date "2013.04.17"]
[Round "2.4"]
[White "Wang, Jue"]
[Black "Tan, Zhongyi"]
[Result "1-0"]
[WhiteTitle "WGM"]
[BlackTitle "WGM"]
[WhiteElo "2401"]
[BlackElo "2483"]
[WhiteFideId "8604070"]
[BlackFideId "8603642"]
[EventDate "2013.04.16"]

1. e4 d6 2. d4 Nf6 3. Nc3 g6 4. Be3 Bg7 5. Qd2 c6 6. Nf3 O-O 7. h3 Nbd7 8. Bd3
e5 9. O-O Re8 10. dxe5 Nxe5 11. Nxe5 dxe5 12. a4 a5 13. Bc4 Qxd2 14. Bxd2 Bf8
15. Be3 Bb4 16. f3 Nd7 17. Ne2 Bc5 18. Kf2 Kf8 19. Rfd1 Bxe3+ 20. Kxe3 Nc5 21.
Nc1 Be6 22. Bxe6 Nxe6 23. Nb3 Ke7 24. Rd2 Red8 25. Rxd8 Kxd8 26. Nd2 f6 27. Nc4
Kc7 28. Rd1 b5 29. Na3 bxa4 30. Nc4 Nc5 31. g4 Ne6 32. h4 h6 33. c3 Rb8 34. Rd6
Nd8 35. Rd2 Rb5 36. Nd6 Rb3 37. Nc4 Rb5 38. Kd3 Nf7 39. Kc2 Rc5 40. Na3 Nd6 41.
Kd3 Nb5 42. Nc4 Na7 43. Rd1 Rb5 44. Ra1 c5 45. Rxa4 Nc6 46. Ra2 Rb8 47. Ne3 Kd6
48. Kc4 Rb7 49. b3 Ke6 50. Rd2 a4 51. bxa4 Na5+ 52. Kd3 Rb1 53. Rd1 Rb2 54. Nc4
Nxc4 55. Kxc4 Ra2 56. Kb3 Rf2 57. a5 f5 58. a6 fxg4 59. a7 c4+ 60. Ka3 1-0

[Event "ch-CHN w 2013"]
[Site "Xinghua CHN"]
[Date "2013.04.17"]
[Round "2.5"]
[White "Ren, Xiaoyi"]
[Black "Li, Xueyi"]
[Result "1-0"]
[WhiteElo "2212"]
[BlackElo "2135"]
[WhiteFideId "8608709"]
[BlackFideId "8605912"]
[EventDate "2013.04.16"]

1. d4 d5 2. c4 c6 3. cxd5 cxd5 4. Nf3 Nc6 5. Nc3 Bf5 6. Bf4 e6 7. e3 Bd6 8. Be5
Bxe5 9. Nxe5 Nxe5 10. dxe5 Ne7 11. Bb5+ Nc6 12. Qa4 O-O 13. Bxc6 bxc6 14. O-O c5
15. Rac1 Qb8 16. Qf4 Bg6 17. e4 Bxe4 18. Nxe4 dxe4 19. b3 f5 20. Rxc5 Rc8 21.
Rfc1 Rxc5 22. Rxc5 Qd8 23. h3 Rc8 24. Qc1 Rxc5 25. Qxc5 Qd7 26. b4 f4 27. Kh2 h6
28. Qc1 f3 29. gxf3 exf3 30. Qc4 Qf7 31. Qc8+ Kh7 32. Qc2+ Kg8 33. Kg3 Qb7 34.
Qc4 Qf7 35. Qc8+ Kh7 36. Qc2+ Kg8 37. Qe4 Qd7 38. Kxf3 Kf7 39. Kg3 Qc7 40. a4
Ke7 41. Qd4 Qb7 42. f3 Ke8 43. Qd6 Kf7 44. b5 h5 45. h4 Qc8 46. Qd4 Qc7 47. Qd6
Qc3 48. Qd7+ Kf8 49. Qxa7 Qxe5+ 50. Kg2 Qb2+ 51. Qf2 Qb4 52. b6 Ke7 53. a5 Qxa5
54. Qb2 Qa8 55. b7 Qb8 56. Qxg7+ Kd8 57. Qg8+ 1-0

[Event "ch-CHN w 2013"]
[Site "Xinghua CHN"]
[Date "2013.04.18"]
[Round "3.1"]
[White "Ding, Yixin"]
[Black "Kuang, Yinghui"]
[Result "1-0"]
[WhiteTitle "WGM"]
[BlackTitle "WIM"]
[WhiteElo "2427"]
[BlackElo "2212"]
[WhiteFideId "8602972"]
[BlackFideId "8600988"]
[EventDate "2013.04.16"]

1. e4 c5 2. Ne2 Nc6 3. Nbc3 Nf6 4. g3 d5 5. exd5 Nxd5 6. Bg2 Nc7 7. O-O g6 8. d3
Bg7 9. Ne4 Ne6 10. Nf4 Ncd4 11. c3 Nxf4 12. Bxf4 Ne6 13. Be3 Qc7 14. Qa4+ Bd7
15. Qa3 c4 16. dxc4 Qxc4 17. Ng5 Qb5 18. Nxe6 Bxe6 19. Rac1 a5 20. b3 Bf6 21. c4
Qb4 22. Qxb4 axb4 23. Rc2 O-O-O 24. Bc5 Bf5 25. Rcc1 Rd2 26. Bxb4 Rxa2 27. c5
Bd4 28. c6 b5 29. Bxe7 Bd3 30. Rfd1 Bxf2+ 31. Kh1 Re8 32. c7 Be3 33. Rc3 b4 34.
Bxb4 Be2 35. Rd8+ Rxd8 36. Bb7+ Kxb7 37. cxd8=N+ 1-0

[Event "ch-CHN w 2013"]
[Site "Xinghua CHN"]
[Date "2013.04.18"]
[Round "3.2"]
[White "Li, Xueyi"]
[Black "Zhang, Xiaowen"]
[Result "0-1"]
[BlackTitle "WGM"]
[WhiteElo "2135"]
[BlackElo "2367"]
[WhiteFideId "8605912"]
[BlackFideId "8603219"]
[EventDate "2013.04.16"]

1. d4 Nf6 2. c4 g6 3. Nc3 Bg7 4. e4 d6 5. Be2 O-O 6. Nf3 e5 7. d5 a5 8. h3 Na6
9. Bg5 h6 10. Be3 Nc5 11. Nd2 Bd7 12. b3 c6 13. O-O Qb8 14. a3 cxd5 15. exd5 Na6
16. Qc1 Ne8 17. Nf3 Kh7 18. Nh2 f5 19. f4 e4 20. Rb1 Qd8 21. Rd1 Rc8 22. Qd2
Nac7 23. b4 axb4 24. axb4 Ra8 25. Ra1 Rxa1 26. Rxa1 b5 27. Rb1 Qb8 28. Nf1 bxc4
29. Bxc4 Nb5 30. Nxb5 Bxb5 31. Qe2 Nc7 32. Rc1 Bd7 33. Rb1 Qb7 34. b5 Nxd5 35.
Bxd5 Qxd5 36. b6 Bc6 37. Rd1 Qe6 38. Nd2 d5 39. Nb1 Ba4 40. Rd2 d4 41. Bxd4
Bxd4+ 42. Rxd4 Qxb6 43. Qf2 Qxb1+ 44. Kh2 Qb3 45. Qh4 Bb5 46. Rd6 Qf7 47. Qe1
Qe7 48. Rb6 Bc4 49. Qc1 Bf7 50. Rc6 e3 0-1

[Event "ch-CHN w 2013"]
[Site "Xinghua CHN"]
[Date "2013.04.18"]
[Round "3.3"]
[White "Tan, Zhongyi"]
[Black "Ren, Xiaoyi"]
[Result "1-0"]
[WhiteTitle "WGM"]
[WhiteElo "2483"]
[BlackElo "2212"]
[WhiteFideId "8603642"]
[BlackFideId "8608709"]
[EventDate "2013.04.16"]

1. d4 Nf6 2. c4 g6 3. Nf3 Bg7 4. g3 O-O 5. Bg2 d6 6. O-O Nbd7 7. Nc3 e5 8. h3
Re8 9. e4 a6 10. Re1 Rb8 11. d5 Nb6 12. b3 c6 13. Be3 c5 14. Nd2 Na8 15. a3 b5
16. cxb5 axb5 17. b4 cxb4 18. axb4 Bd7 19. Bf1 Bf8 20. Ra5 Nc7 21. Qa1 Nh5 22.
Ra7 f5 23. Qa5 f4 24. Qxc7 fxe3 25. Rxe3 Nf6 26. Rf3 Qxc7 27. Rxc7 Rec8 28. Rxc8
Rxc8 29. Nxb5 Rc1 30. Na7 Bh6 31. Nb3 Rb1 32. Rxf6 Bxh3 33. Rxd6 Rxf1+ 34. Kh2
Bg4 35. Kg2 Rb1 36. Nc5 Bd2 37. Nc6 Bxb4 38. Rd8+ Kg7 39. Rb8 Rc1 40. Nd3 Rc3
41. Ncxb4 Be2 42. Nxe5 1-0

[Event "ch-CHN w 2013"]
[Site "Xinghua CHN"]
[Date "2013.04.18"]
[Round "3.4"]
[White "Ni, Shiqun"]
[Black "Wang, Jue"]
[Result "1/2-1/2"]
[WhiteTitle "WIM"]
[BlackTitle "WGM"]
[WhiteElo "2213"]
[BlackElo "2401"]
[WhiteFideId "8608466"]
[BlackFideId "8604070"]
[EventDate "2013.04.16"]

1. e4 c5 2. Nf3 e6 3. c4 Nc6 4. d4 cxd4 5. Nxd4 Nf6 6. Nc3 Bb4 7. Nxc6 bxc6 8.
Bd3 e5 9. O-O Bc5 10. Kh1 d6 11. Rb1 Ng4 12. Qf3 Qh4 13. h3 Nxf2+ 14. Kh2 O-O
15. b4 Bd4 16. Ne2 Bb6 17. Bc2 Ng4+ 18. Kh1 Be6 19. Ng3 Nf6 20. Kh2 Bg4 21. Qa3
Bd4 22. Bd2 Rac8 23. Qb3 d5 24. exd5 cxd5 25. cxd5 e4 26. Nxe4 Nxe4 27. Bxe4 Be2
28. Rf4 Be5 29. g3 Bxf4 30. Bxf4 Qf6 31. Qb2 Qe7 32. Qxe2 f5 33. d6 Qxe4 34.
Qxe4 fxe4 35. Rd1 Rfd8 36. Rd4 Rd7 37. Rxe4 Rc2+ 38. Kg1 Rxa2 39. Kf1 Kf7 40. h4
Ra4 41. Rc4 a5 42. Rc7 Ke6 43. bxa5 Rxa5 44. Kf2 h6 45. Rxd7 Kxd7 46. Kf3 Ke6
47. Kg4 Rd5 1/2-1/2

[Event "ch-CHN w 2013"]
[Site "Xinghua CHN"]
[Date "2013.04.18"]
[Round "3.5"]
[White "Guo, Qi"]
[Black "Lei, Tingjie"]
[Result "1/2-1/2"]
[WhiteTitle "WGM"]
[WhiteElo "2439"]
[BlackElo "2232"]
[WhiteFideId "8604002"]
[BlackFideId "8605114"]
[EventDate "2013.04.16"]

1. d4 d5 2. Nf3 Nf6 3. c4 c6 4. e3 Bf5 5. Nc3 e6 6. Nh4 Bg6 7. Be2 Nbd7 8. Nxg6
hxg6 9. h3 Bd6 10. O-O O-O 11. Qc2 Qe7 12. Bd2 dxc4 13. Bxc4 c5 14. dxc5 Bxc5
15. Rfd1 Rac8 16. Be2 Ne5 17. Qb3 Nc6 18. a3 Rfd8 19. Be1 Bd6 20. Rac1 a6 21.
Bf3 Na5 22. Qa2 Nc6 23. Ne4 Nxe4 24. Bxe4 Be5 25. Rxd8+ Rxd8 26. Qb3 Qd7 27. Qb6
Ne7 28. f4 Bf6 29. Ba5 Nd5 30. Bxd5 Qxd5 31. Qb4 Re8 32. Kh2 e5 33. Rc5 Qd1 34.
Qe4 Qd6 35. Bb4 Qe6 36. Qxb7 exf4 37. exf4 Bxb2 38. Qf3 Bd4 39. Rc6 Qf5 40. Bd2
Qb5 41. Rc1 Qb2 42. Re1 Rxe1 43. Bxe1 Qc1 44. Bb4 Be3 45. Kg3 Bd4 46. Qe4 Bb6
47. Qe8+ Kh7 48. Qe1 Qc4 49. Qd2 Bd4 50. Kh2 Bb6 51. Kg3 Qe4 52. Qd1 a5 53. Bd6
Qe3+ 54. Kh2 Bd4 55. a4 Qe4 56. h4 Bf2 57. h5 Qe3 58. hxg6+ fxg6 59. Qf3 Qe1 60.
Qh3+ Kg8 61. Qc8+ Kh7 62. Qh3+ Kg8 63. Qc8+ Kh7 1/2-1/2

[Event "ch-CHN w 2013"]
[Site "Xinghua CHN"]
[Date "2013.04.19"]
[Round "4.3"]
[White "Wang, Jue"]
[Black "Guo, Qi"]
[Result "0-1"]
[WhiteTitle "WGM"]
[BlackTitle "WGM"]
[WhiteElo "2401"]
[BlackElo "2439"]
[WhiteFideId "8604070"]
[BlackFideId "8604002"]
[EventDate "2013.04.16"]

1. e4 c6 2. d4 d5 3. e5 Bf5 4. Nf3 e6 5. Be2 Nd7 6. O-O Ne7 7. Nbd2 Nc8 8. Nb3
Be7 9. Bd2 O-O 10. Na5 Qc7 11. c4 dxc4 12. Nxc4 Ndb6 13. Ne3 Be4 14. b4 Qd7 15.
Bc3 Nd5 16. Nxd5 cxd5 17. Nd2 Nb6 18. Qb3 Rfc8 19. Nxe4 dxe4 20. Rfd1 Qd5 21.
Bd2 Qxb3 22. axb3 Rc2 23. Kf1 a6 24. f3 e3 25. Bxe3 Nd5 26. Bf2 Nxb4 27. Be1 Nd5
28. Rd2 Bg5 29. Rxc2 Ne3+ 30. Kg1 Nxc2 31. Rd1 Be3+ 32. Bf2 Bxf2+ 33. Kxf2 Rd8
34. Rc1 Nxd4 35. Rc7 b5 36. Ra7 g5 37. Bf1 Nxb3 38. Rxa6 Rb8 39. Ke3 b4 40. Bc4
Nc5 41. Ra2 Nd7 42. Kd4 Rc8 43. Bb3 Rc3 44. Rb2 Rc5 45. Bc4 Rxe5 46. Rxb4 Re1
47. Rb7 Nf8 48. Rb5 h6 49. Re5 Rh1 50. h3 Ng6 51. Re2 Nf4 52. Ra2 Rg1 53. g4 Rg3
54. Ke4 Rxh3 55. Rd2 Kg7 56. Rd1 Rh2 57. Ke3 Rc2 58. Bf1 h5 59. gxh5 Nxh5 60.
Bd3 Rc3 61. Kd4 Ra3 62. Rg1 Kf6 63. Be4 Nf4 64. Rh1 Ra4+ 65. Ke3 Ke5 66. Rb1
Ra3+ 67. Kf2 Ra2+ 68. Kf1 f5 69. Rb5+ Nd5 70. Bb1 Rh2 71. Kg1 Rd2 72. Rb3 Kf4
73. Bd3 Ne3 74. Kh1 Kg3 0-1

[Event "ch-CHN w 2013"]
[Site "Xinghua CHN"]
[Date "2013.04.19"]
[Round "4.4"]
[White "Ren, Xiaoyi"]
[Black "Ni, Shiqun"]
[Result "1/2-1/2"]
[BlackTitle "WIM"]
[WhiteElo "2212"]
[BlackElo "2213"]
[WhiteFideId "8608709"]
[BlackFideId "8608466"]
[EventDate "2013.04.16"]

1. d4 Nf6 2. c4 g6 3. Nc3 d5 4. e3 Bg7 5. cxd5 Nxd5 6. Qb3 Nxc3 7. bxc3 O-O 8.
Nf3 c5 9. Ba3 b6 10. Rd1 Qc7 11. h4 Bg4 12. Be2 Nd7 13. O-O Rac8 14. Qa4 Rfd8
15. Rfe1 e6 16. e4 Bxf3 17. Bxf3 Qf4 18. h5 cxd4 19. cxd4 Nf6 20. hxg6 hxg6 21.
e5 Nd5 22. Bxd5 Rxd5 23. Bd6 Bf8 24. Bxf8 Kxf8 25. Re3 Rc7 26. Rh3 Rcd7 27. Rf3
Qh4 28. Rh3 Qf4 29. Rf3 Qh4 30. Rh3 Qf4 1/2-1/2

[Event "ch-CHN w 2013"]
[Site "Xinghua CHN"]
[Date "2013.04.19"]
[Round "4.5"]
[White "Zhang, Xiaowen"]
[Black "Tan, Zhongyi"]
[Result "0-1"]
[WhiteTitle "WGM"]
[BlackTitle "WGM"]
[WhiteElo "2367"]
[BlackElo "2483"]
[WhiteFideId "8603219"]
[BlackFideId "8603642"]
[EventDate "2013.04.16"]

1. e4 c5 2. Nf3 Nc6 3. Bb5 d6 4. O-O Bd7 5. Re1 Nf6 6. h3 Ne5 7. a4 a6 8. Bxd7+
Nfxd7 9. Nxe5 Nxe5 10. b3 g6 11. f4 Nc6 12. Bb2 Nd4 13. a5 Bg7 14. Bc3 O-O 15.
Na3 f5 16. exf5 Rxf5 17. Nc4 Rxf4 18. Nb6 Rb8 19. Nd5 Rf7 20. Kh1 Qd7 21. Bxd4
cxd4 22. Ra4 Be5 23. c3 dxc3 24. dxc3 Rbf8 25. Qd3 Rf3 26. Qc4 Rxh3+ 27. Kg1
Bh2+ 28. Kh1 Bg3+ 29. Kg1 Bf2+ 0-1

[Event "ch-CHN w 2013"]
[Site "Xinghua CHN"]
[Date "2013.04.19"]
[Round "4.6"]
[White "Ding, Yixin"]
[Black "Li, Xueyi"]
[Result "1-0"]
[WhiteTitle "WGM"]
[WhiteElo "2427"]
[BlackElo "2135"]
[WhiteFideId "8602972"]
[BlackFideId "8605912"]
[EventDate "2013.04.16"]

1. e4 c6 2. d4 d5 3. Nc3 dxe4 4. Nxe4 Bf5 5. Ng3 Bg6 6. h4 h6 7. Bc4 e6 8. N1e2
Bd6 9. Nf4 Ne7 10. Nxg6 Nxg6 11. Nh5 Rg8 12. Bd2 Nd7 13. Qf3 Qe7 14. g3 O-O-O
15. O-O-O Nb6 16. Bd3 Nf8 17. Rhe1 Nfd7 18. Kb1 Nd5 19. c4 N5f6 20. Nf4 g5 21.
Ng2 Bb4 22. Bxb4 Qxb4 23. Ne3 Kb8 24. Bc2 Rge8 25. c5 e5 26. a3 Qb5 27. Nf5 g4
28. Qe3 Qa5 29. b4 Qc7 30. Nd6 Nd5 31. Nxe8 Nxe3 32. Nxc7 Nxd1 33. Bxd1 Kxc7 34.
dxe5 b6 35. Bxg4 bxc5 36. Bxd7 Rxd7 37. bxc5 Rd5 38. e6 fxe6 39. Rxe6 h5 40.
Re7+ Kb8 41. Rg7 1-0

[Event "ch-CHN 2013"]
[Site "Xinghua CHN"]
[Date "2013.04.20"]
[Round "5.1"]
[White "Li, Xueyi"]
[Black "Kuang, Yinghui"]
[Result "1/2-1/2"]
[BlackTitle "WIM"]
[WhiteElo "2135"]
[BlackElo "2212"]
[WhiteFideId "8605912"]
[BlackFideId "8600988"]
[EventDate "2013.04.16"]

1. d4 d5 2. c4 e6 3. Nc3 Nf6 4. Nf3 Be7 5. Bg5 O-O 6. e3 Ne4 7. Bxe7 Qxe7 8. Bd3
Nxc3 9. bxc3 dxc4 10. Bxc4 Nd7 11. O-O e5 12. Nxe5 Nxe5 13. dxe5 Qxe5 14. Qd4
Qe7 15. Rad1 h6 16. Bd3 c6 17. Qe4 Qxe4 18. Bxe4 Be6 19. a3 Rfd8 20. Rd4 Rxd4
21. cxd4 Rd8 22. Rb1 Rd7 23. Kf1 Kf8 24. Ke1 Ke7 25. h4 Kd6 26. g3 Ba2 27. Rb2
Bd5 28. Bf5 Be6 29. Be4 Bd5 30. Bf5 Be6 31. Be4 Bd5 1/2-1/2

[Event "ch-CHN 2013"]
[Site "Xinghua CHN"]
[Date "2013.04.20"]
[Round "5.2"]
[White "Tan, Zhongyi"]
[Black "Ding, Yixin"]
[Result "1/2-1/2"]
[WhiteTitle "WGM"]
[BlackTitle "WGM"]
[WhiteElo "2483"]
[BlackElo "2427"]
[WhiteFideId "8603642"]
[BlackFideId "8602972"]
[EventDate "2013.04.16"]

1. Nf3 Nf6 2. c4 g6 3. Nc3 c5 4. g3 Bg7 5. Bg2 O-O 6. O-O d5 7. cxd5 Nxd5 8.
Nxd5 Qxd5 9. d3 Nc6 10. Be3 Qd6 11. Rc1 Nd4 12. Nd2 Bg4 13. Re1 Qb6 14. Nc4 Qa6
15. Bxd4 Bxd4 16. Qb3 Rab8 17. a4 b5 18. axb5 Rxb5 19. Qc2 Rfb8 20. Rb1 Qc8 21.
e3 Bf6 22. Qa4 Qd7 23. Ra1 Qxd3 24. Bf1 Qd5 25. e4 Qd4 26. e5 Bg5 27. Qxa7 R5b7
28. Qa6 Bf3 29. Qa7 Bg4 30. Qa6 Bf3 31. Ra4 Rb4 32. Rxb4 Rxb4 33. e6 Bd5 34.
exf7+ Kxf7 35. h4 Bf6 36. Ne3 Bb7 37. Bc4+ Kg7 38. Qe6 Qe4 39. Qxe4 Bxe4 40. b3
Bc3 41. Rd1 Bd4 42. Nd5 Rb7 43. Re1 Bxd5 1/2-1/2

[Event "ch-CHN 2013"]
[Site "Xinghua CHN"]
[Date "2013.04.20"]
[Round "5.3"]
[White "Ni, Shiqun"]
[Black "Zhang, Xiaowen"]
[Result "0-1"]
[WhiteTitle "WIM"]
[BlackTitle "WGM"]
[WhiteElo "2213"]
[BlackElo "2367"]
[WhiteFideId "8608466"]
[BlackFideId "8603219"]
[EventDate "2013.04.16"]

1. e4 e6 2. d4 d5 3. exd5 exd5 4. c4 Nf6 5. Nc3 c6 6. cxd5 cxd5 7. Bg5 Be7 8.
Bd3 Nc6 9. Nge2 Bg4 10. f3 Bh5 11. Qb3 O-O 12. O-O Na5 13. Qc2 Bg6 14. Bxg6 hxg6
15. Rad1 Rc8 16. Nf4 Rc4 17. b3 Rc7 18. Qb2 Rd7 19. Rfe1 Nc6 20. Kh1 Qa5 21.
Nfe2 Bb4 22. Rd3 Re8 23. Re3 Rde7 24. Rxe7 Rxe7 25. Bd2 Qa6 26. Kg1 Qd3 27. a3
Ba5 28. Qc1 Rxe2 29. Rxe2 Bxc3 30. Qf1 Bxd4+ 31. Kh1 Qxb3 32. Bg5 Qxa3 33. Bxf6
gxf6 34. Re8+ Kg7 35. h4 Qa1 36. Re1 Qa4 37. h5 Bc3 0-1

[Event "ch-CHN 2013"]
[Site "Xinghua CHN"]
[Date "2013.04.20"]
[Round "5.4"]
[White "Guo, Qi"]
[Black "Ren, Xiaoyi"]
[Result "1-0"]
[WhiteTitle "WGM"]
[WhiteElo "2439"]
[BlackElo "2212"]
[WhiteFideId "8604002"]
[BlackFideId "8608709"]
[EventDate "2013.04.16"]

1. d4 Nf6 2. c4 g6 3. Nc3 Bg7 4. e4 d6 5. Nf3 O-O 6. Be2 e5 7. O-O Nc6 8. d5 Ne7
9. b4 a5 10. Ba3 Nh5 11. c5 f5 12. b5 b6 13. cxd6 cxd6 14. Re1 Nf4 15. Bf1 Kh8
16. Nd2 Bb7 17. Nc4 fxe4 18. Bxd6 Rf5 19. Nxe4 Nexd5 20. Ng3 Qg5 21. Qb3 a4 22.
Qa3 Nf6 23. Bxe5 Bf8 24. Qc3 Nd5 25. Qc1 Bc5 26. Nxf5 Qxf5 27. Re2 Kg8 28. Nd6
Bxd6 29. Bxd6 Ne4 30. Bg3 Rc8 31. Qe1 Nf4 32. Bxf4 Qxf4 33. Qb4 Rc5 34. Rae1 Rh5
35. g3 1-0

[Event "ch-CHN 2013"]
[Site "Xinghua CHN"]
[Date "2013.04.20"]
[Round "5.5"]
[White "Zhai, Mo"]
[Black "Wang, Jue"]
[Result "0-1"]
[WhiteTitle "WIM"]
[BlackTitle "WGM"]
[WhiteElo "2259"]
[BlackElo "2401"]
[WhiteFideId "8600201"]
[BlackFideId "8604070"]
[EventDate "2013.04.16"]

1. e4 c5 2. Nf3 d6 3. d4 cxd4 4. Nxd4 Nf6 5. Nc3 a6 6. Be3 e5 7. Nb3 Be7 8. h3
Be6 9. Qf3 Nbd7 10. g4 Nb6 11. O-O-O Rc8 12. Nc5 O-O 13. g5 Nfd7 14. Nxe6 fxe6
15. Qg4 Kh8 16. Rd2 Rxc3 17. bxc3 d5 18. exd5 Ba3+ 19. Kd1 Nxd5 20. Qxe6 Nxe3+
21. fxe3 Nc5 22. Qg4 Qa5 23. Qh4 Na4 24. Rd3 Nxc3+ 25. Rxc3 Qd5+ 26. Bd3 Qxh1+
27. Kd2 Bc1+ 0-1